000
00344pab a2200157 454500
008
180718b2004 xxu||||| |||| 00| 0 eng d
100
_a
Renganathan, R.
245
_a
Rain water harvesting
260
_c
2004
300
_a
p.14-15.
362
_a
Jun
650
_a
Harvesting
650
_a
Rain
773
_a
Social Welfare
909
_a
61045
999
_c
61045
_d
61045